Les mois du calendrier musulman - Statistiques

Statistiques générales
  • Ce quiz a été pris 34 fois
  • Le résultat moyen est 3 sur 12
Statistiques - réponses
Réponse % Correct
Ramadan
86%
Rajab
45%
Shawwal
45%
Sha'ban
41%
Muharram
32%
Safar
23%
Jumada al-Awwal | Jumada al-Ula
18%
Jumada ath-Thani | Jumada al-Akhir
18%
Dhu al-Qi'dah
9%
Rabi' al-Awwal
9%
Rabi' ath-Thani | Rabi' al-Akhir
9%
Dhu al-Hijjah
5%
Aucun quiz correspondant
Distribution des résultats
% des personnes avec chaque résultat
Percentile par nombre de réponses
Votre historique - résultats
Vous n’avez pas pris ce quiz